Melamine and other problematic food carcinogens (Record no. 161951)
[ view plain ]
| 000 -LEADER | |
|---|---|
| fixed length control field | 01608nam a2200349 a 4500 |
| 082 04 - DEWEY DECIMAL CLASSIFICATION NUMBER | |
| Classification number | 363.8/64 |
| 100 0# - MAIN ENTRY--AUTHOR NAME | |
| Personal name | Viroj Wiwanitkit. |
| 245 10 - TITLE STATEMENT | |
| Title | Melamine and other problematic food carcinogens |
| 260 ## - PUBLICATION, DISTRIBUTION, ETC. (IMPRINT) | |
| Place of publication | New York : |
| Name of publisher | Nova Science Publishers, |
| Year of publication | c2009. |
| 300 ## - PHYSICAL DESCRIPTION | |
| Number of Pages | 120 p. |
| 505 0# - FORMATTED CONTENTS NOTE | |
| Formatted contents note | Introduction to nutritional problem -- Melamine : a present hot issue -- Fungal contamination and aflatoxin -- Grilled and smoked food -- High lipid food and cancer -- Liver fluke and cholangiocarcinoma -- Nitrosamine -- Salted and fermented food -- Food additive : dye and flavor -- Environmental contaminants -- Alcoholic beverage. |
| 650 #0 - SUBJECT ADDED ENTRY--TOPICAL TERM | |
| Topical Term | Carcinogens. |
| Topical Term | Food |
| Topical Term | Food additives |
| 856 40 - ELECTRONIC LOCATION AND ACCESS | |
| Uniform Resource Identifier | http://site.ebrary.com/lib/rucke/Doc?id=10670979 |
No items available.
